00269nam a2200097Ia 4500008004100000082001200041100001600053245008300069260000900152300001000161190415s9999 xx 000 0 und d aRS.0529 aSingh, V.B. 0aElections and social change in India : Result of national election study, 1996 c1997 a168p.